New course science and technology chemistry-IX (Record no. 6673)
[ view plain ]
| 000 -LEADER | |
|---|---|
| fixed length control field | 00252nam a22000857a 4500 |
| 008 - FIXED-LENGTH DATA ELEMENTS--GENERAL INFORMATION | |
| fixed length control field | 170609b xxu||||| |||| 00| 0 eng d |
| 100 ## - MAIN ENTRY--PERSONAL NAME | |
| 9 (RLIN) | 3344 |
| Personal name | Misra R. R |
| 245 ## - TITLE STATEMENT | |
| Title | New course science and technology chemistry-IX |
| 260 ## - PUBLICATION, DISTRIBUTION, ETC. (IMPRINT) | |
| Place of publication, distribution, etc. | New Delhi |
| Name of publisher, distributor, etc. | Arya publication |
| Date of publication, distribution, etc. | 2005 |
| Withdrawn status | Lost status | Source of classification or shelving scheme | Damaged status | Koha normalized classification for sorting | Not for loan | Home library | Current library | Shelving location | Date acquired | Total Checkouts | Total Renewals | Full call number | Barcode | Date last seen | Date last checked out | Price effective from | Koha item type |
|---|---|---|---|---|---|---|---|---|---|---|---|---|---|---|---|---|---|
| Dewey Decimal Classification | 540_000000000000000 | Good Samaritan School Library | Good Samaritan School Library | Chemistry | 06/09/2017 | 4 | 1 | 540 | MIS1776 | 11/17/2022 | 11/17/2022 | 06/09/2017 | BOOK |